Linie MPK Wrocław zatrzymujące się na przystanku Arkady (Capitol) - Statystyki

Ogólne statystyki
  • Ten quiz został rozwiązany 186 razy
  • Średni wynik to 23 z 32
Statystyki odpowiedzi
Typ linii Linia % Poprawnych
Tramwajowa 2
100%
Tramwajowa 23
99%
Tramwajowa 4
99%
Tramwajowa 6
99%
Tramwajowa 21
98%
Tramwajowa 5
98%
Tramwajowa 7
98%
Tramwajowa 11
97%
Tramwajowa 20
97%
Tramwajowa 22
97%
Tramwajowa 3
97%
Tramwajowa 12
96%
Tramwajowa 15
96%
Tramwajowa 14
95%
Tramwajowa 17
95%
Tramwajowa 18
95%
Tramwajowa 10
94%
Tramwajowa 19
94%
Autobusowa pospieszna A
70%
Autobusowa pospieszna D
68%
Autobusowa nocna 243
43%
Autobusowa nocna 251
43%
Autobusowa nocna 246
41%
Autobusowa nocna 247
40%
Autobusowa nocna 249
38%
Autobusowa nocna 250
38%
Autobusowa nocna 253
37%
Autobusowa nocna 240
35%
Autobusowa nocna 248
35%
Autobusowa nocna 257
35%
Autobusowa nocna 206
26%
Autobusowa podmiejska 602
12%
Nie znaleziono quizów pasujących do podanych kryteriów
Rozkład punktacji
Procent ludzi z każdym wynikiem
Percentyl według liczby udzielonych odpowiedzi
Twoja historia wyników
Nie rozwiązałeś tego quizu